00277nam a22000737a 4500008004100000040005500041245005900096260004800155230727b |||||||| |||| 00| 0 eng d aNational Science LibrarycNational Science Library aProceedings of the royal institution of Great Britain  aLondon: bApplied Science Publishers Ltd.,